Welcome to CU Library Online Public Access Catalogue (OPAC)

101 things I learned in engineering school / (Record no. 8095)

MARC details
000 -LEADER
fixed length control field 00746cam a2200229 i 4500
001 - CONTROL NUMBER
control field 17562684
005 - DATE AND TIME OF LATEST TRANSACTION
control field 20251105171758.0
008 - FIXED-LENGTH DATA ELEMENTS--GENERAL INFORMATION
fixed length control field 121214s2013 nyua 000 0 eng
020 ## - INTERNATIONAL STANDARD BOOK NUMBER
International Standard Book Number 9781455509775
Qualifying information hardcover
020 ## - INTERNATIONAL STANDARD BOOK NUMBER
Canceled/invalid ISBN 9781455509799 (ebook)
050 00 - LIBRARY OF CONGRESS CALL NUMBER
Classification number T65
Item number .K85 2013
082 00 - DEWEY DECIMAL CLASSIFICATION NUMBER
Classification number 620
Edition information 23
100 1# - MAIN ENTRY--PERSONAL NAME
Personal name Kuprenas, John,
Dates associated with a name 1962-
245 10 - TITLE STATEMENT
Title 101 things I learned in engineering school /
Statement of responsibility, etc. John Kuprenas with Matthew Frederick.
250 ## - EDITION STATEMENT
Edition statement First edition.
260 ## - PUBLICATION, DISTRIBUTION, ETC.
Place of publication, distribution, etc. New York
Name of publisher, distributor, etc. Grand Central Publishing
Date of publication, distribution, etc. 2013
300 ## - PHYSICAL DESCRIPTION
Extent ca. 202 pages :
Other physical details illustrations ;
Dimensions 14 x 19 cm.
650 #0 - SUBJECT ADDED ENTRY--TOPICAL TERM
Topical term or geographic name entry element Engineering
General subdivision Study and teaching.
650 #0 - SUBJECT ADDED ENTRY--TOPICAL TERM
Topical term or geographic name entry element Civil engineering
General subdivision Study and teaching.
700 1# - ADDED ENTRY--PERSONAL NAME
Personal name Frederick, Matthew.
942 ## - ADDED ENTRY ELEMENTS (KOHA)
Source of classification or shelving scheme Library of Congress Classification
Koha item type Books
Suppress in OPAC No
999 ## -
-- 8095
-- 8095
Holdings
Withdrawn status Lost status Source of classification or shelving scheme Damaged status Not for loan Collection Home library Current library Shelving location Date acquired Total checkouts Full call number Barcode Date last seen Copy number Price effective from Koha item type
    Library of Congress Classification     Non-fiction Science Library (Miotso) Science Library (Miotso) General stacks 11/05/2025   T65 .K85 KUP SLM00005435 11/05/2025 1 11/05/2025 Books
    Library of Congress Classification     Non-fiction Science Library (Miotso) Science Library (Miotso) General stacks 11/05/2025   T65 .K85 KUP SLM00005436 11/05/2025 2 11/05/2025 Books
    Library of Congress Classification     Non-fiction Science Library (Miotso) Science Library (Miotso) General stacks 11/05/2025   T65 .K85 KUP SLM00005437 11/05/2025 3 11/05/2025 Books
    Library of Congress Classification     Non-fiction Science Library (Miotso) Science Library (Miotso) General stacks 11/05/2025   T65 .K85 KUP SLM00005438 11/05/2025 4 11/05/2025 Books
    Library of Congress Classification     Non-fiction Science Library (Miotso) Science Library (Miotso) General stacks 11/05/2025   T65 .K85 KUP SLM00005439 11/05/2025 5 11/05/2025 Books
© 2023-2024 Copyright: Central University Libraries. All Rights Reserved | Created by: Mahone Tech Office